000 00405nam a22001697a 4500
005 20180309111126.0
008 160526b xxu||||| |||| 00| 0 eng d
020 _a81-203-1616-9
041 _aeng
082 _b5147
_a332.6
100 _aKevin, S
_9376
245 _aPartfolio Management
260 _aNew Delhi
_bAcademic Faundation
_c2005
300 _a163
650 _aManagement
_9241
942 _cBK
999 _c1798
_d1797